Responses for Show #2279 - Thursday, June 30, 1994

Contestants

[<< previous game]

Dave Smith, a political analyst from Arlington, Virginia

Lori MacWilliam, an attorney from Clinton, New Jersey

Michael Bowen, an accountant from Monroe, New York (whose 1-day cash winnings total $12,900)

[next game >>]

Jeopardy! Round responses

THE 1950s
SINGERS
COATS OF ARMS
LESSER KNOWN NAMES
STADIUMS & ARENAS
12-LETTER WORDS
    $100 11
France

Michael
    $100 2
Barbra Streisand

Lori
    $100 21
Canada

Lori
    $100 1
Columbus

Lori
    $100 26
the Olympics

Dave
    $100 16
a photographer

Michael
    $200 12
the U.S. Air Force

Dave
    $200 3
k.d. lang

Lori
    $200 22
Switzerland

Michael
    $200 7
Wheaties

Michael
    $200 27
Prague

Dave
    $200 17
a penitentiary

Dave
    $300 13
Cyprus

Dave
    $300 4
Blossom

Lori
    $300 23
a lion

Michael
    $300 8
(Oskar) Schindler

Dave
    $300 28
New Haven

Dave
    $300 18
a delicatessen

Lori
    $400 14
(Dave: Who is Duvalier?)
(Alex: Be more specific.)

Francois Duvalier (Papa Doc)

Dave
    $400 5
(Dave: Who is Roger Williams?)

Roger Miller

MichaelDave
    $400 24
Uruguay

Michael
    $400 9
ivory

Dave
    $400 29
Shea Stadium

Dave
    $400 19
conservation

Lori
    $500 15
Dag Hammarskjöld

Lori
    $500 6
Peter Noone

Lori
    $500 25
Norway

Dave
    $500 10
(Michael: What is professional airline pilot?)

a stewardess

MichaelLori
    $1,400 30
a hippodrome

Dave
    $500 20
(Dave: What's an exclamation?)

an interjection

MichaelDave

Scores at the first commercial break (after clue 15):

Michael Lori Dave
$200 $2,200 $1,200

Scores at the end of the Jeopardy! Round:

Michael Lori Dave
$1,700 $3,000 $3,800

Double Jeopardy! Round responses

WORLD HISTORY
BLACK AMERICA
FLOWERS
PRESIDENTIAL TRIVIA
MOUNTAINS
TOMS IN LITERATURE
    $200 11
India

Michael
    $200 16
Chicago

Michael
    $200 1
tulips

Michael
    $200 6
the Himalayas

Dave
    $200 21
True Grit

Dave
    $400 12
Martin Luther

Dave
    $400 17
Bryant Gumbel

Michael
    $400 2
a sunflower

Dave
    $400 7
Hawaii

Dave
    $400 22
Being There

Dave
    $600 13
(Dave: Who is Claudius?)

Augustus Caesar

Dave
Triple Stumper
    $600 18
Booker T. Washington

Michael
    $600 3
the rose

Lori
    $2,000 28
[The end-of-round signal sounds.]

his father

Dave
    $600 8
Etna

Dave
    $600 23
(Alex: And we have less than a minute to go.)

Daisy

Lori
    $1,500 14
Louis XIV

Dave
    $800 19
Debi Thomas

Dave
    $800 4
(Michael: What are blue bonnets?)

pinks

MichaelLori
    $800 27
(Lori: Who is William... who is William Penn?)

Herbert Hoover

LoriDave
    $800 9
Kilimanjaro

Michael
    $800 24
Tom Canty

Triple Stumper
    $1000 15
Zanzibar

Michael
    $1000 20
(Dave: Who is Elijah Muhammad?)

Louis Farrakhan

MichaelDave
    $1000 5
a passionflower

Dave
    $1000 26
New York

Dave
    $1000 10
Mount Logan

Dave
    $1000 25
Larry McMurtry

Dave

Scores at the end of the Double Jeopardy! Round:

Michael Lori Dave
$5,300 $4,200 $13,900
(lock game)

[wagering suggestions for these scores]

Final Jeopardy! Round responses

IN THE NEWS
(Alex: Which entertainer has spent a lot of time on Navy ships?)
LoriWho is Bob Hope?
$4,000
MichaelWho is Bob Hope?
$4,000
DaveWho is Elvis
$3,000
Bob Hope

Final scores:

Michael Lori Dave
$9,300 $8,200 $10,900
2nd place: Lloyd/Flanders indoor/outdoor furniture set + Ducane gas grill 3rd place: Swintec fax machine New champion: $10,900

Game dynamics:

Coryat scores:

Michael Lori Dave
$5,300 $4,200 $10,900
16 R,
2 W
13 R,
1 W
27 R
(including 3 DDs),
4 W

Combined Coryat: $20,400

[game clues] [game scores] [suggest correction]

Game tape date: 1994-02-14
The J! Archive is created by fans, for fans. Scraping, republication, monetization, and malicious use prohibited; this site may use cookies and collect identifying information. See terms. The Jeopardy! game show and all elements thereof, including but not limited to copyright and trademark thereto, are the property of Jeopardy Productions, Inc. and are protected under law. This website is not affiliated with, sponsored by, or operated by Jeopardy Productions, Inc. Join the discussion at JBoard.tv.